English Literature Sorting Gallery Quiz Stats

 Plays Quiz Updated Jun 26, 2017

Support Sporcle.
Go Orange.
Score 0/45 Timer 08:00
3 Plays Today
% Correct
Charlie and the Chocolate Factory
96.4%
James and the Giant Peach
95.1%
Murder on the Orient Express
92.6%
Fantastic Mr. Fox
92.2%
The BFG
91.2%
Matilda
90.3%
The Body in the Library
89.7%
Death on the Nile
88.6%
The Murder of Roger Ackroyd
87.7%
Animal Farm
87.2%
The Mysterious Affair at Styles
86.9%
Danny the Champion of the World
85%
Nineteen Eighty-Four
84.8%
Jane Eyre
83.6%
George's Marvellous Medicine
82.2%
And Then There Were None
81.9%
The Time Machine
79.9%
The Witches
79.8%
The War of the Worlds
78.8%
The Twits
78.8%
Lady Chatterley's Lover
73.4%
Tess of the d'Urbervilles
73%
Far From the Madding Crowd
72.6%
% Correct
Peril at End House
70.6%
Mrs. Dalloway
69.3%
The Invisible Man
69%
Sons and Lovers
65.5%
The Mayor of Casterbridge
64.1%
The Island of Doctor Moreau
63.9%
Jude the Obscure
63.3%
To the Lighthouse
62.6%
Women in Love
58.1%
Of Human Bondage
54.6%
Cakes and Ale
54.6%
The Moon and Sixpence
53.7%
The Return of the Native
52.6%
The Razor's Edge
49.8%
The Painted Veil
48.3%
Orlando
41.1%
Up at the Villa
37.3%
The Rainbow
36.9%
The Woodlanders
34.9%
The Plumed Serpent
33.2%
Curtain
29%
Theatre
26.1%

You're not logged in!

Compare scores with friends on all Sporcle quizzes.
OR
Log In
Forgot?

From the Vault

British Prime Ministers by Fictional Portrayal

by durhamfan

They might be fictional, but that doesn't make them any less awesome.
Remove Ads.
Support Sporcle.
Get the best of Sporcle when you Go Orange. This ad-free experience offers more features, more stats, and more fun while also helping to support Sporcle. Thank you for becoming a member.

Show Comments

Extras

Top Quizzes Today


Score Distribution

Your Account Isn't Verified!

In order to create a playlist on Sporcle, you need to verify the email address you used during registration. Go to your Sporcle Settings to finish the process.

Report this User

Report this user for behavior that violates our Community Guidelines.

Details: